|
|
|
|
| LEADER |
00000cam a2200000 a 4500 |
| 001 |
71985 |
| 005 |
20230308162938.0 |
| 008 |
000000|1943 ||||||||r|||||||||||spa|| |
| 040 |
|
|
|b spa
|
| 041 |
1 |
|
|a spa
|
| 082 |
0 |
|
|a 624.177
|
| 100 |
1 |
|
|a Castiñeiras, Julio R.
|9 37761
|
| 245 |
|
|
|a Tablas para el cálculo de vigas de hormigón armado a la flexión compuesta
|c Julio R. Castiñeiras
|h imp
|
| 264 |
|
|
|a Buenos Aires
|b Centro de Estudiantes de Ingeniería de Buenos Aires
|c 1943
|
| 300 |
|
|
|a x; 99 páginas:
|c 24 cm
|
| 650 |
1 |
0 |
|a Hormigón armado
|9 33527
|
| 650 |
1 |
|
|a Tablas de calculo
|9 34797
|
| 852 |
|
|
|a UC-CDJBV
|c ESTANTERIA CERRADA
|f Compra
|k lucia.mora
|l 1
|m General
|p 00000000
|q 22.00
|r 2
|t 71985
|b 0
|d CDRC
|e CDRC
|g 624.177 ESTANTERIA CERRADA
|z 0000-00-00
|
| 942 |
|
|
|c BK
|
| 999 |
|
|
|c 19929
|d 19929
|